Statistics for Vancouver Canucks 2023-24 Roster

Click here to take the quiz!

General Stats

  • This quiz has been taken 139 times
  • The average score is 16 of 25

Answer Stats

NumberPlayer% Correct
43Quinn Hughes
94%
40Elias Pettersson
93%
9JT Miller
90%
6Brock Boeser
87%
35Thatcher Demko
87%
8Conor Garland
79%
81Dakota Joshua
78%
29Casey DeSmith
76%
23Elias Lindholm
73%
17Filip Hronek
72%
57Tyler Myers
72%
91Nikita Zadorov
70%
21Nils Hoglander
66%
24Pius Suter
63%
65Ilya Mikheyev
59%
53Teddy Blueger
58%
88Nils Aman
57%
7Carson Soucy
56%
82Ian Cole
56%
18Sam Lafferty
55%
47Noah Juulsen
53%
34Phil di Giuseppe
38%
51Mark Friedman
33%
55Tucker Poolman
24%
5Guillaume Brisebois
12%

Score Distribution

Percentile by Number Answered

Percent of People with Each Score

Your Score History

You have not taken this quiz